000 00868nas a2200289 4500
001 BR2013002245
003 BR-BrBNA
005 20231205122055.0
007 ta
008 230509b bl.|||p| |||| 00| 00por d
040 _aBR-BrBNA
_bpor
_cBiblioteca Nacional de Agricultura
041 _a(Pt)
072 _aJ11
100 1 _aBrackmann, A.
100 1 _aGiehl, R.F.H.
100 1 _aPinto, J.A.V.
100 1 _aSteffens, C.A.
100 1 _aSestari, I.
245 1 _aQualidade de maçãs Gala armazenadas em atmosfera controlada dinâmica e estática com renovação do ar
650 _aMAÇÃ
650 _aPÓS-COLHEITA
650 _aARMAZENAMENTO
650 _aQUALIDADE
773 0 _tCiência Rural (Brazil)
_xISSN 0103-8478
_g(Mar-Apr 2005), v. 35(2) p. 465-467
_wBR2013002245
909 _a202311
_bLúcia
_c55
_dLúcia Elande
942 _2AGRIS
_n0
_cANA
999 _c226787
_d226787